<?xml version="1.0" encoding="UTF-8"?>
<record
    xmlns:xsi="http://www.w3.org/2001/XMLSchema-instance"
    xsi:schemaLocation="http://www.loc.gov/MARC21/slim http://www.loc.gov/standards/marcxml/schema/MARC21slim.xsd"
    xmlns="http://www.loc.gov/MARC21/slim">

  <leader>01931nam a2200349 ia4500</leader>
  <controlfield tag="003">OSt</controlfield>
  <controlfield tag="005">20251211150507.0</controlfield>
  <controlfield tag="008">251209s2025    nyuao  jdb    001 0 eng d</controlfield>
  <datafield tag="020" ind1=" " ind2=" ">
    <subfield code="a">9781534547087</subfield>
    <subfield code="c">RM 157.38</subfield>
    <subfield code="q">hardback</subfield>
  </datafield>
  <datafield tag="040" ind1=" " ind2=" ">
    <subfield code="a">PPAK</subfield>
    <subfield code="b">eng</subfield>
    <subfield code="c">PPAK</subfield>
    <subfield code="e">rda</subfield>
  </datafield>
  <datafield tag="082" ind1="0" ind2="4">
    <subfield code="2">23</subfield>
    <subfield code="a">597.87</subfield>
  </datafield>
  <datafield tag="090" ind1="0" ind2="0">
    <subfield code="a">597.87</subfield>
    <subfield code="b">AND</subfield>
    <subfield code="d">RK</subfield>
  </datafield>
  <datafield tag="100" ind1="1" ind2=" ">
    <subfield code="a">Andrews, E.C.,</subfield>
    <subfield code="e">author.</subfield>
  </datafield>
  <datafield tag="245" ind1="1" ind2="0">
    <subfield code="a">SURINAM TOAD /</subfield>
    <subfield code="c">WRITTEN BY E.C. ANDREWS ; Edited by: Rebecca Phillips-Bartlett ; Designed by: Amelia Harris</subfield>
  </datafield>
  <datafield tag="264" ind1=" " ind2="1">
    <subfield code="a">Buffalo, New York :</subfield>
    <subfield code="b">KidHaven Publishing, </subfield>
    <subfield code="c">2025</subfield>
  </datafield>
  <datafield tag="300" ind1=" " ind2=" ">
    <subfield code="a">24 pages :</subfield>
    <subfield code="b">colour illustrations ;</subfield>
    <subfield code="c">21 cm</subfield>
  </datafield>
  <datafield tag="336" ind1=" " ind2=" ">
    <subfield code="a">text</subfield>
    <subfield code="2">rdacontent</subfield>
  </datafield>
  <datafield tag="337" ind1=" " ind2=" ">
    <subfield code="a">unmediated</subfield>
    <subfield code="2">rdamedia</subfield>
  </datafield>
  <datafield tag="338" ind1=" " ind2=" ">
    <subfield code="a">volume</subfield>
    <subfield code="2">rdacarrier</subfield>
  </datafield>
  <datafield tag="490" ind1="1" ind2=" ">
    <subfield code="a">EXTREME LIFE CYCLES</subfield>
  </datafield>
  <datafield tag="500" ind1=" " ind2=" ">
    <subfield code="a">Includes index.</subfield>
  </datafield>
  <datafield tag="505" ind1=" " ind2=" ">
    <subfield code="t">What is a life cycle? --
</subfield>
    <subfield code="t">What is a Surinam toad? --
</subfield>
    <subfield code="t">Laying the eggs --</subfield>
    <subfield code="t">Carrying the eggs --
</subfield>
    <subfield code="t">Hatching --
</subfield>
    <subfield code="t">Backbreaking toadlets --</subfield>
    <subfield code="t">First meal --
</subfield>
    <subfield code="t">Hunting --
</subfield>
    <subfield code="t">Moving on --
</subfield>
    <subfield code="t">The cycle carries on.</subfield>
  </datafield>
  <datafield tag="520" ind1=" " ind2=" ">
    <subfield code="a">"Mothers often like to stay close to their babies. The Surinam toad, however, takes this to the extreme. A mother Surinam toad carries her eggs on her back until they hatch! How does she do this? Readers find the answer as they explore the ins and outs of one of nature's most fascinating life cycles. Basic biology concepts are presented in a fun and unique way, and the simple, focused text allows young readers to practice independently gathering information. In addition, impressive photographs show these toads at every stage of their life cycle."-- </subfield>
    <subfield code="c">Amazon</subfield>
  </datafield>
  <datafield tag="650" ind1="1" ind2="0">
    <subfield code="a">Toads</subfield>
    <subfield code="v">Juvenile literature</subfield>
  </datafield>
  <datafield tag="650" ind1="2" ind2="0">
    <subfield code="a">Surinam toad </subfield>
    <subfield code="x">Life cycles </subfield>
    <subfield code="v">Juvenile literature</subfield>
  </datafield>
  <datafield tag="655" ind1=" " ind2="7">
    <subfield code="a">Juvenile literature</subfield>
  </datafield>
  <datafield tag="655" ind1=" " ind2="7">
    <subfield code="a">Juvenile works</subfield>
  </datafield>
  <datafield tag="700" ind1="1" ind2=" ">
    <subfield code="a">Phillips-Bartlett, Rebecca,</subfield>
    <subfield code="d">1999-</subfield>
    <subfield code="e">editor.</subfield>
  </datafield>
  <datafield tag="700" ind1="1" ind2=" ">
    <subfield code="a">Harris, Amelia,</subfield>
    <subfield code="e">illustrator.</subfield>
  </datafield>
  <datafield tag="830" ind1=" " ind2="0">
    <subfield code="a">Extreme life cycles</subfield>
  </datafield>
  <datafield tag="942" ind1=" " ind2=" ">
    <subfield code="2">ddc</subfield>
    <subfield code="c">B</subfield>
  </datafield>
  <datafield tag="999" ind1=" " ind2=" ">
    <subfield code="c">202014</subfield>
    <subfield code="d">202014</subfield>
  </datafield>
  <datafield tag="952" ind1=" " ind2=" ">
    <subfield code="0">0</subfield>
    <subfield code="7">1</subfield>
    <subfield code="b">PPAK</subfield>
    <subfield code="c">RK</subfield>
    <subfield code="d">2025-12-23</subfield>
    <subfield code="l">0</subfield>
    <subfield code="o">RK 597.87 AND</subfield>
    <subfield code="p">A01886914</subfield>
    <subfield code="r">2025-12-23 14:57:00</subfield>
    <subfield code="y">B</subfield>
  </datafield>
  <datafield tag="952" ind1=" " ind2=" ">
    <subfield code="0">0</subfield>
    <subfield code="7">1</subfield>
    <subfield code="b">SP</subfield>
    <subfield code="c">RK</subfield>
    <subfield code="d">2025-12-23</subfield>
    <subfield code="l">0</subfield>
    <subfield code="o">RK 597.87 AND</subfield>
    <subfield code="p">A01886915</subfield>
    <subfield code="r">2025-12-23 14:57:00</subfield>
    <subfield code="y">B</subfield>
  </datafield>
</record>
